Spinoza / (Record no. 37166)

MARC details
000 -LEADER
campo de control de longitud fija 00572nam a2200193 i 4500
001 - NÚMERO DE CONTROL
campo de control 37166
003 - IDENTIFICADOR DE NÚMERO DE CONTROL
campo de control ES-MaACL
005 - FECHA Y HORA DE LA ÚLTIMA TRANSACCIÓN
campo de control 20250702042500.0
007 - CAMPO FIJO DE DESCRIPCIÓN FÍSICA--INFORMACIÓN GENERAL
campo de control de longitud fija t|
008 - DATOS DE LONGITUD FIJA--INFORMACIÓN GENERAL
campo de control de longitud fija 030220s1906 fr ||||1| fre d
100 1# - ENTRADA PRINCIPAL--NOMBRE DE PERSONA
Nombre de persona Brunschvicg, Léon,
Fechas asociadas al nombre 1853-1904
9 (RLIN) 32207
245 10 - MENCIÓN DEL TÍTULO
Título Spinoza /
Mención de responsabilidad, etc. par León Brunschvicg.
250 ## - MENCION DE EDICION
Mención de edición 2e. ed., revue et augmentée.
260 ## - PUBLICACIÓN, DISTRIBUCIÓN, ETC.
Lugar de publicación, distribución, etc. Paris :
Nombre del editor, distribuidor, etc. Félix Alcan,
Fecha de publicación, distribución, etc. 1906 (
Lugar de fabricación/manufactura Tours :
Fabricante E. Arrault)
300 ## - DESCRIPCIÓN FÍSICA
Extensión II, 235 p. ;
Dimensiones 23 cm.
600 14 - PUNTO DE ACCESO ADICIONAL DE MATERIA--NOMBRE DE PERSONA
Nombre de persona Spinoza, Benedictus de
9 (RLIN) 107750
852 ## - LOCALIZACIÓN
Ubicación ES-MaACL
Número de control de estantería B-6231
Holdings
Estatus retirado Estado de pérdida Estado de daño No para préstamo Biblioteca de origen Biblioteca actual Ubicación en estantería Fecha de adquisición Fuente de adquisición Total de préstamos Signatura topográfica completa Código de barras Visto por última vez Precio de reemplazo Tipo de ítem Koha
        Biblioteca del Ateneo de Madrid Biblioteca del Ateneo de Madrid Sala Pardo Bazán 17/01/2008     B-6231 1039103 23/02/2023 23/02/2023 Libro impreso